Countries and Lands in Video Games - Statistics

General Stats
  • This quiz has been taken 52 times
  • The average score is 5 of 15
Answer Stats
Country / Land Game / Series % Correct
Hyrule The Legend of Zelda
94%
Mushroom Kingdom Mario
90%
New California Republic Fallout
58%
Tamriel The Elder Scrolls
46%
Arstotzka Papers, Please
36%
Faerun The Forgotten Realms
30%
The Lands Between Elden Ring
28%
Azeroth Warcraft
28%
Albion Fable
12%
Gaia Final Fantasy
8%
Myrtana Gothic
8%
The Empire of the Isles Dishonored
6%
Thedas Dragon Age
6%
Ancaria Sacred
6%
Enroth Heroes of Might and Magic
2%
No matching quizzes found
Score Distribution
Percent of People with Each Score
Percentile by Number Answered
Your Score History
You have not taken this quiz